|
|
|
|
| LEADER |
02171nam a22003853i 4500 |
| 001 |
EBC30203705 |
| 003 |
MiAaPQ |
| 005 |
20240729202204.0 |
| 006 |
m o d | |
| 007 |
cr cnu|||||||| |
| 008 |
240729s2022 xx o ||||0 eng d |
| 020 |
|
|
|a 9789179294939
|q (electronic bk.)
|
| 020 |
|
|
|z 9789179294939
|
| 035 |
|
|
|a (MiAaPQ)EBC30203705
|
| 035 |
|
|
|a (Au-PeEL)EBL30203705
|
| 035 |
|
|
|a (OCoLC)1350686985
|
| 040 |
|
|
|a MiAaPQ
|b eng
|e rda
|e pn
|c MiAaPQ
|d MiAaPQ
|
| 100 |
1 |
|
|a Ljungberg, Fredrik.
|
| 245 |
1 |
0 |
|a Identification of Nonlinear Marine Systems.
|
| 250 |
|
|
|a 1st ed.
|
| 264 |
|
1 |
|a Linköping :
|b Linkopings Universitet,
|c 2022.
|
| 264 |
|
4 |
|c {copy}2022.
|
| 300 |
|
|
|a 1 online resource (205 pages)
|
| 336 |
|
|
|a text
|b txt
|2 rdacontent
|
| 337 |
|
|
|a computer
|b c
|2 rdamedia
|
| 338 |
|
|
|a online resource
|b cr
|2 rdacarrier
|
| 490 |
1 |
|
|a Linköping Studies in Science and Technology. Dissertations Series ;
|v v.2258
|
| 505 |
0 |
|
|a Intro -- Abstract -- Populärvetenskaplig sammanfattning -- Acknowledgments -- Contents -- Notation -- 1 Introduction -- 2 System identification preliminaries -- 3 Modelling of ship motions -- Part I: Parameter estimation -- 4 Parameter estimators for second-order modulus models -- 5 Identification of ship models -- 6 Experimental work: A -- Part II: Experiment design -- 7 Selecting an informative mix of sub-experiments -- 8 Experiments with spatial feasibility -- 9 Experimental work: B -- 10 Conclusions and future work -- Bibliography.
|
| 588 |
|
|
|a Description based on publisher supplied metadata and other sources.
|
| 590 |
|
|
|a Electronic reproduction. Ann Arbor, Michigan : ProQuest Ebook Central, 2024. Available via World Wide Web. Access may be limited to ProQuest Ebook Central affiliated libraries.
|
| 655 |
|
4 |
|a Electronic books.
|
| 776 |
0 |
8 |
|i Print version:
|a Ljungberg, Fredrik
|t Identification of Nonlinear Marine Systems
|d Linköping : Linkopings Universitet,c2022
|z 9789179294939
|
| 797 |
2 |
|
|a ProQuest (Firm)
|
| 830 |
|
0 |
|a Linköping Studies in Science and Technology. Dissertations Series
|
| 856 |
4 |
0 |
|u https://ebookcentral.proquest.com/lib/matrademy/detail.action?docID=30203705
|z Click to View
|